ARRUPE JESUIT UNIVERSITY

CORONAVIRUS -STOP THE SPREAD - CLEAN,DISINFECT,COVER

Large mammals and a brave people (Record no. 14820)

MARC details
000 -LEADER
fixed length control field 00520nam a2200205Ia 4500
003 - CONTROL NUMBER IDENTIFIER
control field 0100
005 - DATE AND TIME OF LATEST TRANSACTION
control field 20170428093007.0
008 - FIXED-LENGTH DATA ELEMENTS--GENERAL INFORMATION
fixed length control field 130303s9999 xx 000 0 und d
020 ## - INTERNATIONAL STANDARD BOOK NUMBER
International Standard Book Number 295954477
040 ## - CATALOGING SOURCE
Transcribing agency ARRUPELIB
050 ## - LIBRARY OF CONGRESS CALL NUMBER
Classification number DT963.42.M351976
300 ## - PHYSICAL DESCRIPTION
Other physical details 254 p. ill. 24 cm
100 ## - MAIN ENTRY--PERSONAL NAME
Personal name Marks, Stuart A
9 (RLIN) 30062
245 ## - TITLE STATEMENT
Title Large mammals and a brave people
245 ## - TITLE STATEMENT
Remainder of title subsistence hunters in Zambia
260 ## - PUBLICATION, DISTRIBUTION, ETC. (IMPRINT)
Name of publisher, distributor, etc University of Washington Press
Place of publication, distribution, etc Seattle
Date of publication, distribution, etc 1976
300 ## - PHYSICAL DESCRIPTION
Extent xx
650 ## - SUBJECT ADDED ENTRY--TOPICAL TERM
Topical term or geographic name as entry element Bisa (African peopole)
General subdivision Hunting
9 (RLIN) 30063
650 ## - SUBJECT ADDED ENTRY--TOPICAL TERM
Topical term or geographic name as entry element Primitive
General subdivision Case studies
9 (RLIN) 30064
700 ## - ADDED ENTRY--PERSONAL NAME
Personal name Stuart A. Marks
9 (RLIN) 30065
942 ## - ADDED ENTRY ELEMENTS (KOHA)
Source of classification or shelving scheme Library of Congress Classification
Koha item type Monograph ( Printed materials)
Holdings
Withdrawn status Lost status Source of classification or shelving scheme Damaged status Not for loan Collection code Home library Current library Shelving location Date acquired Total Checkouts Full call number Barcode Date last seen Copy number Price effective from Koha item type
    Library of Congress Classification     Main Collection ARRUPE LIBRARY ARRUPE LIBRARY Main Collection 04/03/2013   DT963.42.M351976 46600000297 07/12/2017 1 04/03/2013 Monograph ( Printed materials)

 

Arrupe Library. PO Box MP320 Mt Pleasant, Harare, Zimbabwe
263 242 745411|librarian@aju.ac.zw